<?xml version="1.0" encoding="UTF-8"?>
<record
    xmlns:xsi="http://www.w3.org/2001/XMLSchema-instance"
    xsi:schemaLocation="http://www.loc.gov/MARC21/slim http://www.loc.gov/standards/marcxml/schema/MARC21slim.xsd"
    xmlns="http://www.loc.gov/MARC21/slim">

  <leader>01174na  a2200325   4500</leader>
  <controlfield tag="001">15195</controlfield>
  <controlfield tag="003">MIRAKIL</controlfield>
  <controlfield tag="005">20181213154842.0</controlfield>
  <controlfield tag="008">160920b        tu            000 0      </controlfield>
  <datafield tag="020" ind1=" " ind2=" ">
    <subfield code="a">9751922909</subfield>
  </datafield>
  <datafield tag="035" ind1=" " ind2=" ">
    <subfield code="a">15095</subfield>
  </datafield>
  <datafield tag="040" ind1=" " ind2=" ">
    <subfield code="a">Milas</subfield>
    <subfield code="b">tur</subfield>
    <subfield code="c">TR-AnCHP</subfield>
  </datafield>
  <datafield tag="041" ind1=" " ind2=" ">
    <subfield code="a">tur</subfield>
    <subfield code="a">eng</subfield>
  </datafield>
  <datafield tag="082" ind1=" " ind2=" ">
    <subfield code="a">304.6021 1997</subfield>
    <subfield code="b">T95g 1999</subfield>
  </datafield>
  <datafield tag="090" ind1=" " ind2=" ">
    <subfield code="a">304.6021 1997 T95g 1999</subfield>
  </datafield>
  <datafield tag="110" ind1=" " ind2=" ">
    <subfield code="a">T&#xFC;rkiye &#x130;statistik Kurumu (T&#xDC;&#x130;K)</subfield>
  </datafield>
  <datafield tag="222" ind1=" " ind2=" ">
    <subfield code="a">Genel n&#xFC;fus say&#x131;m&#x131; 1997</subfield>
  </datafield>
  <datafield tag="245" ind1=" " ind2=" ">
    <subfield code="a">1997 genel n&#xFC;fus tespiti</subfield>
    <subfield code="b">&#x130;dari b&#xF6;l&#xFC;n&#xFC;&#x15F; = population count : administrative division</subfield>
    <subfield code="c">Devlet &#x130;statistik Enstit&#xFC;s&#xFC; (D&#x130;E)</subfield>
  </datafield>
  <datafield tag="246" ind1=" " ind2=" ">
    <subfield code="a">1997 population count</subfield>
  </datafield>
  <datafield tag="246" ind1=" " ind2=" ">
    <subfield code="a">1997 genel n&#xFC;fus say&#x131;m&#x131;</subfield>
  </datafield>
  <datafield tag="260" ind1=" " ind2=" ">
    <subfield code="a">Ankara</subfield>
    <subfield code="b">Devlet &#x130;statistik Enstit&#xFC;s&#xFC; (D&#x130;E)</subfield>
    <subfield code="c">1999</subfield>
  </datafield>
  <datafield tag="300" ind1=" " ind2=" ">
    <subfield code="a">xx, [kr&#x15F;k. s.]</subfield>
    <subfield code="b">tbl.</subfield>
    <subfield code="c">29 sm.</subfield>
  </datafield>
  <datafield tag="490" ind1=" " ind2=" ">
    <subfield code="a">Devlet &#x130;statistik Enstit&#xFC;s&#xFC;</subfield>
    <subfield code="v">2281</subfield>
  </datafield>
  <datafield tag="500" ind1=" " ind2=" ">
    <subfield code="a">Kurumun yeni ad&#x131;: T&#xFC;rkiye &#x130;statistik Kurumu (T&#xDC;&#x130;K)</subfield>
  </datafield>
  <datafield tag="546" ind1=" " ind2=" ">
    <subfield code="a">Metinler T&#xFC;rk&#xE7;e-&#x130;ngilizce kar&#x15F;&#x131;l&#x131;kl&#x131;d&#x131;r.</subfield>
  </datafield>
  <datafield tag="650" ind1=" " ind2=" ">
    <subfield code="a">N&#xFC;fus say&#x131;mlar&#x131;</subfield>
    <subfield code="x">1997</subfield>
    <subfield code="z">T&#xFC;rkiye</subfield>
  </datafield>
  <datafield tag="651" ind1=" " ind2=" ">
    <subfield code="a">T&#xFC;rkiye</subfield>
    <subfield code="x">N&#xFC;fus say&#x131;m&#x131;</subfield>
  </datafield>
  <datafield tag="651" ind1=" " ind2=" ">
    <subfield code="a">T&#xFC;rkiye</subfield>
    <subfield code="x">N&#xFC;fus say&#x131;m&#x131;, 1997</subfield>
    <subfield code="y">&#x130;statistikler</subfield>
  </datafield>
  <datafield tag="942" ind1=" " ind2=" ">
    <subfield code="2">ddc</subfield>
    <subfield code="c">BKS</subfield>
  </datafield>
  <datafield tag="952" ind1=" " ind2=" ">
    <subfield code="a">0001</subfield>
    <subfield code="b">0001</subfield>
    <subfield code="d">2016-09-05</subfield>
    <subfield code="e">2</subfield>
    <subfield code="l">0</subfield>
    <subfield code="o">304.6021 1997 T95g 1999</subfield>
    <subfield code="p">003574</subfield>
    <subfield code="r">2016-09-05 00:00:00</subfield>
    <subfield code="v">0.00</subfield>
    <subfield code="w">2016-09-05</subfield>
    <subfield code="y">BKS</subfield>
  </datafield>
  <datafield tag="999" ind1=" " ind2=" ">
    <subfield code="c">2014</subfield>
    <subfield code="d">2014</subfield>
  </datafield>
</record>
